Statistics for Video Games That Start With I

Click here to take the quiz!

General Stats

  • This quiz has been taken 19 times
  • The average score is 3 of 6

Answer Stats

HintGame% Correct
Famous professor / archaeologist uses his trusty whip to search for the Staff of Moses.Indiana Jones and the Staff of Kings
78%
It's like Mortal Kombat, but with characters from DC Comics instead.Injustice: Gods Among Us
78%
Climb your way to the top of a series of mountains while dodging icicles and collecting vegetables.Ice Climber
56%
Bike messenger gains electricity-based super powers.inFamous
56%
Boy born with horns seeks to escape the wrath of an evil queen.ICO
28%
Fight a series of one-on-one battles to face the immortal God King.Infinity Blade
0%

Score Distribution

Percentile by Number Answered

Percent of People with Each Score

Your Score History

You have not taken this quiz